Spektrofotometrické stanovenie s 4,4'-bis(naftylazo) difenyldisulfidmi substituovanými na naftalénovom jadre : Obh. 8.6.1992 /

Na minha lista:
Detalhes bibliográficos
Autor principal: Tkáč, Milan (Author)
Formato: Manuscrito Livro
Idioma:eslovaco
Publicado em: Bratislava : STU v Bratislave ChtF, 1992
Tags: Adicionar Tag
Sem tags, seja o primeiro a adicionar uma tag!

MARC

LEADER 00000ntm a22000003a 4500
001 stu19085
005 20150617225752.2
008 920713s1992----cs------------------slo-d
040 |a STU  |b slo 
041 0 |a slo 
044 |a cs 
100 1 |a Tkáč, Milan  |4 aut 
245 1 |a Spektrofotometrické stanovenie s 4,4'-bis(naftylazo) difenyldisulfidmi substituovanými na naftalénovom jadre :  |b Obh. 8.6.1992 /  |c [aut.]Tkáč,Milan 
260 |a Bratislava :  |b STU v Bratislave ChtF,  |c 1992 
300 |a 87 s :  |b Tab.,grafy,lit 
500 |a Špec.: Analytická chémia 
996 |b CD11003  |c C*D11003  |l CCI  |s A  |a 24  |w stu19085_0001